APEC Schools

Religion and ritual in Ancient Egypt / (Record no. 8159)

000 -LEADER
fixed length control field nam a22 7a 4500
005 - DATE AND TIME OF LATEST TRANSACTION
control field 20190924032213.0
008 - FIXED-LENGTH DATA ELEMENTS--GENERAL INFORMATION
fixed length control field 190924b xxu||||| |||| 00| 0 eng d
020 ## - IDENTIFIER FOR THE MANIFESTATION
Identifier for the Manifestation 9780521613002
Binding paperback
040 ## - CATALOGING SOURCE
Language of Cataloging eng
Transcribing Agency APEC Schools Library
Description Conventions rda
082 ## - DEWEY DECIMAL CLASSIFICATION NUMBER
Classification number C 299.31
Author's Number T258r 2011
100 ## - CREATOR
Preferred Name of the Person Teeter, Emily
245 ## - TITLE AND STATEMENT OF RESPONSIBILITY
Preferred Title Proper Religion and ritual in Ancient Egypt /
Statement of Responsibility/Parallel Statement of Responsibility Emily Teeter
264 ## - PUBLICATION STATEMENT
Place of publication, distribution, etc Cambridge :
Publisher's Name/Parallel Publisher's Name Cambridge University Press,
Copyright ©2011.
300 ## - PHYSICAL DESCRIPTION
Extent 225 pages :
Illustrative Content illustrations ;
336 ## - RDA CONTENT
Source rdacontent
Content Type text
337 ## - RDA MEDIA
Source rdamedia
Media Type unmediated
338 ## - RDA CARRIER
Source rdacarrier
Carrier Type volume
504 ## - BIBLIOGRAPHY, ETC. NOTE
Bibliography, etc Includes bibliographical references and index.
650 ## - ADDED SUBJECT ACCESS POINT - TOPICAL TERM
Topical Term Rites and ceremonies
Preferred Name for the Place Egypt.
651 ## - ADDED SUBJECT ACCESS POINT - GEOGRAPHIC NAME
Topical Term Egypt
Form Subdivision Religion.
651 ## - ADDED SUBJECT ACCESS POINT - GEOGRAPHIC NAME
Topical Term Egypt
Form Subdivision Antiquities.
942 ## - ADDED ENTRY ELEMENTS (KOHA)
Source of Classification
Koha Item Type Non Fiction
Holdings
Library Site Location Shelving Location Source of Acquisition Full Classification Number Accession Number Koha Item Type
APEC Marikina Heights Library APEC Marikina Heights Library Circulation Donation C 299.31 T258r 2011 A08-0000249D Non Fiction

Powered by Koha